01562aam a2200325 450000100060000000300100000600500170001600800410003302000220007404000470009604100080014308200250015110000320017624500870020826400570029526400110035230000320036333600220039533700190041733800210043650000350045750400340049250504410052656300140096765000170098165000650099894200070106395201490107099900170121920456CO-MdFUSB20190202100422.0170512t2009 xxu||||f |||| 00| 0 eng d a978-0-8010-3880-8 aCO-MdFUSBbspacCO-MdFUSBdCO-MdFUSBCerda aeng 224aG 226.407bT971p1 aTwelftree, Graham H.eautor10aPeople of the spiritb: Exploring Luke's view of the churchc/ Graham H. Twelftree 1aGrand Rapids, Michigan : bBaker Academic, c℗2009 4c©2009 axvii, 269 páginasb: c;  2rdacontenta1ba1 2rdamediaa2b5 2rdacarriera2b5 aIncluye índices (p. 243-269) aBibliografía (p. 218- 242) 00aLos temas - Orígenes y propósito - Jesús: El model de la iglesia - Salvación y la iglesia - La iglesia como pueblo de Dios - Los Pentecostés de Lucas - Espíritu, lenguas y el bautismo - Problemas en la iglesia primitiva - Culto - Escritura y conocer a Dios - Experiencia y conocer a Dios - ¿Catolicismo temprano, protestante o carismático? - Misión: ¿Evangelismo o acción social o las dos cosas? - Escuchando a Lucas aRústico 79655aIglesia 7aIglesiaxHistoriay(Iglesia primitiva), ca. 0030-060029659 cBK 00102ddc40708GENaFUSBCbFUSBCd2015-07-27l1m3oG 226.407 T971pp20433r2022-04-22 00:00:00s2017-07-26tEj. 1w2016-01-26yBKB0IINV2023 c46807d46807